| 000 | 00567nam a2200181Ia 4500 | ||
|---|---|---|---|
| 999 |
_c6989 _d6989 |
||
| 003 | OSt | ||
| 005 | 20200118132501.0 | ||
| 008 | 190216s9999||||xx |||||||||||||| ||und|| | ||
| 020 | _a9780070603950 | ||
| 040 | _coclc | ||
| 082 |
_a658.8 _bLAL/M |
||
| 100 |
_aLal, Rajiv _91250 |
||
| 245 | 0 |
_aMarketing Management Text And Cases / _cRajiv Lal ; John A Quelch ; V Kasturi Rangan |
|
| 260 |
_bTata Mcgrawhill Publishers, _aNew Delhi: _c2005. |
||
| 300 | _a812p | ||
| 700 | 1 |
_91304 _aQuelch, John A. |
|
| 942 |
_cBK _2ddc _h658.8 _iLAL/M _k658.8 _mLAL/M |
||